=LDR 00000nam 2200000 4500 =001 INLIS000000000002526 =005 20130612090845 =008 ***********************************Ind** =035 ##$$0010-061300000002526 =041 ##$$a Ind =082 ##$$a 616.29 =090 ##$$a 616.89, Mak m =100 ##$$a Kakin, Peter E =245 ##$$a Mengatasi stres secara positif, Peter E.Makin; Alih bahasa, Gatot Triharso =260 ##$$a 1994 $b Jakarta =300 ##$$a vi,148 hlm, ilus, 21 cm =650 ##$$a Stress =700 ##$$a Triharso, Gatot =850 ##$$a NBPNMAT